[Event "BCF-ch U10 blitz"]
[Site "Hull"]
[Date "2024.07.25"]
[Round "4"]
[White "Popov, Constantine"]
[Black "Pradhan, Ayan"]
[Result "0-1"]
[WhiteElo "1527"]
[BlackElo "1672"]
[PlyCount "88"]
[EventDate "2024.07.25"]
[EventType "swiss (blitz)"]
[EventRounds "9"]
[EventCountry "ENG"]
[SourceTitle "CBM 221 Extra"]
[Source "ChessBase"]
[SourceDate "2024.09.30"]
[SourceVersion "1"]
[SourceVersionDate "2024.09.30"]
[SourceQuality "1"]

1. e4 e6 2. f4 d5 3. d3 dxe4 4. dxe4 Qxd1+ 5. Kxd1 Nc6 6. Nf3 Nf6 7. Nc3 Bb4 8. a3 Bxc3 9. bxc3 Nxe4 10. Ke1 Nxc3 11. Bb2 Nd5 12. Bxg7 Rg8 13. Bb2 Nxf4 14. Bc4 Nxg2+ 15. Kd1 Ne3+ 16. Kc1 Nxc4 17. Nd2 Nxb2 18. Kxb2 Rg2 19. Kc1 Bd7 20. Nf3 Rf2 21. Ng5 h6 22. Nh3 Rf3 23. Ng1 Rf1+ 24. Kb2 Rxa1 25. Kxa1 Nd4 26. Kb2 Bc6 27. Nf3 Nxf3 28. Rd1 Nxh2 29. Rd2 Nf3 30. Rf2 h5 31. Rf1 h4 32. c4 h3 33. Kb3 h2 34. Kb4 Ng1 35. Rf2 a5+ 36. Kb3 h1Q 37. Rd2 a4+ 38. Kc3 Qf3+ 39. Rd3 Ne2+ 40. Kc2 Be4 41. Kd2 Qxd3+ 42. Ke1 Nc3 43. Kf2 Qf3+ 44. Kg1 Qg2# 0-1

[Event "BCF-ch U10 blitz"]
[Site "Hull"]
[Date "2024.07.25"]
[Round "9"]
[White "Prabhakaran, Anvikkashri"]
[Black "Popov, Constantine"]
[Result "1-0"]
[WhiteElo "1620"]
[BlackElo "1527"]
[PlyCount "85"]
[EventDate "2024.07.25"]
[EventType "swiss (blitz)"]
[EventRounds "9"]
[EventCountry "ENG"]
[SourceTitle "CBM 221 Extra"]
[Source "ChessBase"]
[SourceDate "2024.09.30"]
[SourceVersion "1"]
[SourceVersionDate "2024.09.30"]
[SourceQuality "1"]

1. d4 d5 2. c4 e6 3. Nc3 c6 4. Nf3 Bb4 5. Bf4 Nd7 6. e3 Ngf6 7. Bd3 0-0 8. 0-0 b6 9. a3 Be7 10. Ne5 Nxe5 11. Bxe5 Ba6 12. cxd5 Bxd3 13. Qxd3 exd5 14. e4 dxe4 15. Nxe4 Nxe4 16. Qxe4 Re8 17. Qxc6 Rc8 18. Qf3 f6 19. Bg3 Qxd4 20. Qb3+ Kh8 21. Rfd1 Qc4 22. Qxc4 Rxc4 23. Rd7 a5 24. Re1 h6 25. h3 Rc2 26. Rdxe7 Rxe7 27. Rxe7 Rxb2 28. Re8+ Kh7 29. Rb8 b5 30. Ra8 a4 31. Rb8 Rb3 32. Bd6 Rd3 33. Bb4 Rd5 34. Kf1 Kg6 35. Ke2 Re5+ 36. Kf3 Rf5+ 37. Ke3 Re5+ 38. Kd4 Kf5 39. Rb7 Re4+ 40. Kd3 g6 41. Rxb5+ Re5 42. Rc5 Rd5+ 43. Rxd5+ 1-0

[Event "Stokes Cup U12"]
[Site "Hull"]
[Date "2024.07.23"]
[Round "2.6"]
[White "Singh, Adamjeet"]
[Black "Popov, Constantine"]
[Result "1-0"]
[WhiteElo "1591"]
[BlackElo "1252"]
[PlyCount "77"]
[EventDate "2024.07.23"]
[EventType "team-tourn"]
[EventRounds "5"]
[EventCountry "ENG"]
[SourceTitle "CBM 221 Extra"]
[Source "ChessBase"]
[SourceDate "2024.09.30"]
[SourceVersion "1"]
[SourceVersionDate "2024.09.30"]
[SourceQuality "1"]
[WhiteTeam "England II"]
[BlackTeam "Wales"]
[WhiteTeamCountry "ENG"]
[BlackTeamCountry "WLS"]

1. e4 e5 2. Nf3 Nc6 3. Bc4 d6 4. Nc3 Bg4 5. 0-0 Nd4 6. Nxe5 dxe5 7. Qxg4 Nf6 8. Qd1 Bc5 9. d3 h6 10. Kh1 g5 11. Na4 Bb6 12. c3 Nc6 13. Nxb6 cxb6 14. b4 g4 15. Qb3 Qe7 16. Ba3 Qc7 17. Rad1 Nh5 18. d4 Nf4 19. d5 h5 20. dxc6 h4 21. Rd7 Qxc6 22. Bb5 Qxd7 23. Bxd7+ Kxd7 24. Qxf7+ Kc8 25. Rd1 Rd8 26. Qf5+ Kc7 27. Qxe5+ Kc8 28. Rxd8+ Kxd8 29. Qh8+ Kc7 30. Qxa8 Ne2 31. Qg8 h3 32. Qxg4 hxg2+ 33. Kxg2 Nxc3 34. Qg7+ Kb8 35. Qxc3 b5 36. Bc1 b6 37. Bf4+ Kb7 38. Qc7+ Ka6 39. Qc8# 1-0